Northern Irish Slang - Statistics

General Stats
  • This quiz has been taken 259 times
  • The average score is 5 of 15
Answer Stats
Slang Answer % Correct
Wee Small
98%
Buck Eejit Silly
72%
Bout ye? How are you?
64%
Courtin' Dating
53%
Banjaxed Beyond Repair
44%
Foundered Cold
33%
The price thon is terra Something's Pricy
31%
Boggin Very Dirty
29%
Houl yer Whisht Please be quiet
12%
I'll run ye over Give you a lift
9%
Gurn Moaning
5%
Yoke Object
3%
Boys a dear Sadness, Happiness or Shock
1%
Tongin' Scolding
0%
Ogeous handlin’ Tricky Situation
0%
No matching quizzes found
Score Distribution
Percent of People with Each Score
Percentile by Number Answered
Your Score History
You have not taken this quiz